MDQL
is popping MORE tags! Check the
thread
!
Quizzes
Events
Quiz Creation
Community
Videos
Private Events
Remove Ads
Sign In
Join for FREE
Feedback
Dark Mode
Quiz Categories
Sports
Geography
Music
Movies
Television
Just For Fun
Miscellaneous
History
Literature
Language
Science
Gaming
Entertainment
Religion
Holiday
For Kids
Quiz Lab
Recent
Popular Today
Quiz Kudos Today
Editor Picks
Curator Picks
Quizzes by...
Day
Popularity
Type
Ratings
Length
Year
Community
Subscriptions
Recent Discussions
Orange Saloon
Badges
Playlists
Quests
Create
Leaderboards
Showdown
Live 5
Trivia Bingo
Activity
Puzzle Library
Sporcle Events
Private Events
Virtual Trivia
Globe League
Become a Host
Pub Owners
SporcleCon
Opinionation
Our Games
Videos
Blog
Mobile Apps
Partnerships
Remove Ads and Go Orange
Feedback
Sports
Athletes
MLB
NBA
NHL
NFL
Soccer
Sports Teams
WWE
NCAA
Football
Premier League
Basketball
Baseball
Hockey
Golf
Tennis
Cricket
Rugby
Auto Racing
Olympics
World Cup
Sports
Athletes
MLB
NBA
NHL
NFL
Soccer
Sports Teams
WWE
NCAA
Football
Premier League
Basketball
Baseball
Hockey
Golf
Tennis
Cricket
Rugby
Auto Racing
Olympics
World Cup
Random Quiz
Search Sporcle
×
Quiz Lab
Quiz Lab
Sports
WWE
Type in answers that appear in a list
Type in answers that appear in a list
Classic
Best Score? Go Orange.
Can your name the WWE Pay-Per-View Matches in 1995 & 1996 pt1 Stats
Can you name the Can your name the WWE Pay-Per-View Matches in 1995 & 1996 pt1?
By
wrestlefan3589
20m
297 Questions
240 Plays
240 Plays
240 Plays
Comments
Comments
Give Quiz Kudos
Give Quiz Kudos
-
- Ratings
hide this ad
Replay
Link that replays current quiz
Next Quiz
Link to next quiz in quiz playlist
You Got
0%
They Got
Avg Score
89%
Avg Friend Score
Upgrade to see
Score Distribution
Jump to the score distribution portion of the page
Score
0/297
Timer
20:00
0
Plays Today
PPV
Wrestler
% Correct
Royal Rumble
Bret Hart
99.2%
Wrestlemania XI
Bret Hart
99.2%
In Your House 1
Bret Hart
99.2%
In Your House 1
Bret Hart
99.2%
King of the Ring
Bret Hart
99.2%
SummerSlam
Bret Hart
99.2%
In Your House 3
Bret Hart
99.2%
Survivor Series
Bret Hart
99.2%
In Your House 5: Season's Beatings
Bret Hart
99.2%
Royal Rumble 1996
Bret Hart
99.2%
In Your House 6
Bret Hart
99.2%
Wrestlemania XII
Bret Hart
99.2%
Wrestlemania XI
Owen Hart
98.8%
In Your House 1
Owen Hart
98.8%
In Your House 2: The Lumberjacks
Owen Hart
98.8%
Survivor Series
Owen Hart
98.8%
In Your House 5: Season's Beatings
Owen Hart
98.8%
In Your House 6
Owen Hart
98.8%
Wrestlemania XII
Owen Hart
98.8%
In Your House 7: Good Friends, Better Enemies
Owen Hart
98.8%
In Your House 9: International Incident
Owen Hart
98.8%
SummerSlam 1996
Owen Hart
98.8%
Royal Rumble
The Undertaker
98.3%
Royal Rumble
Shawn Michaels
98.3%
Wrestlemania XI
The Undertaker
98.3%
Wrestlemania XI
Shawn Michaels
98.3%
King of the Ring
Shawn Michaels
98.3%
King of the Ring
The Undertaker
98.3%
In Your House 2: The Lumberjacks
Shawn Michaels
98.3%
SummerSlam
The Undertaker
98.3%
SummerSlam
Shawn Michaels
98.3%
In Your House 3
Shawn Michaels
98.3%
In Your House 4
Shawn Michaels
98.3%
Survivor Series
The Undertaker
98.3%
Survivor Series
Shawn Michaels
98.3%
In Your House 5: Season's Beatings
The Undertaker
98.3%
Royal Rumble 1996
Shawn Michaels
98.3%
Royal Rumble 1996
The Undertaker
98.3%
In Your House 6
Shawn Michaels
98.3%
Wrestlemania XII
The Undertaker
98.3%
Wrestlemania XII
Shawn Michaels
98.3%
In Your House 7: Good Friends, Better Enemies
Shawn Michaels
98.3%
In Your House 8: Beware of Dog
The Undertaker
98.3%
In Your House 8: Beware of Dog
Shawn Michaels
98.3%
King of the Ring 1996
The Undertaker
98.3%
King of the Ring 1996
Shawn Michaels
98.3%
In Your House 9: International Incident
The Undertaker
98.3%
In Your House 9: International Incident
Shawn Michaels
98.3%
SummerSlam 1996
The Undertaker
98.3%
SummerSlam 1996
Shawn Michaels
98.3%
Royal Rumble
Diesel
96.3%
Wrestlemania XI
Diesel
96.3%
In Your House 1
Diesel
96.3%
King of the Ring
Diesel
96.3%
In Your House 2: The Lumberjacks
Diesel
96.3%
SummerSlam
Diesel
96.3%
In Your House 3
Diesel
96.3%
In Your House 4
Diesel
96.3%
Survivor Series
Diesel
96.3%
In Your House 5: Season's Beatings
Diesel
96.3%
In Your House 6
Diesel
96.3%
Wrestlemania XII
Diesel
96.3%
In Your House 7: Good Friends, Better Enemies
Diesel
96.3%
Royal Rumble
Razor Ramon
95.8%
Wrestlemania XI
Razor Ramon
95.8%
In Your House 1
Razor Ramon
95.8%
In Your House 2: The Lumberjacks
Razor Ramon
95.8%
SummerSlam
Razor Ramon
95.8%
In Your House 3
Razor Ramon
95.8%
In Your House 4
Razor Ramon
95.8%
In Your House 4
Razor Ramon
95.8%
Survivor Series
Razor Ramon
95.8%
In Your House 5: Season's Beatings
Razor Ramon
95.8%
Royal Rumble 1996
Razor Ramon
95.8%
In Your House 6
Razor Ramon
95.8%
In Your House 7: Good Friends, Better Enemies
Razor Ramon
95.8%
Wrestlemania XI
Yokozuna
95%
In Your House 1
Yokozuna
95%
King of the Ring
Yokozuna
95%
In Your House 2: The Lumberjacks
Yokozuna
95%
In Your House 3
Yokozuna
95%
In Your House 4
Yokozuna
95%
Survivor Series
Yokozuna
95%
In Your House 6
Yokozuna
95%
Wrestlemania XII
Yokozuna
95%
In Your House 8: Beware of Dog
Yokozuna
95%
Royal Rumble
1-2-3 Kid
94.6%
In Your House 2: The Lumberjacks
The 1-2-3 Kid
94.6%
SummerSlam
The 1-2-3 Kid
94.6%
In Your House 4
The 1-2-3 Kid
94.6%
Survivor Series
The 1-2-3 Kid
94.6%
In Your House 5: Season's Beatings
The 1-2-3 Kid
94.6%
In Your House 6
The 1-2-3 Kid
94.6%
Royal Rumble
Jeff Jarrett
94.2%
Wrestlemania XI
Jeff Jarrett
94.2%
In Your House 1
Jeff Jarrett
94.2%
In Your House 1
Sycho Sid
94.2%
King of the Ring
Sycho Sid
94.2%
In Your House 2: The Lumberjacks
Jeff Jarrett
94.2%
PPV
Wrestler
% Correct
In Your House 2: The Lumberjacks
Psycho Sid
94.2%
In Your House 3
Psycho Sid
94.2%
Survivor Series
Psycho Sid
94.2%
In Your House 5: Season's Beatings
Psycho Sid
94.2%
Royal Rumble 1996
Jeff Jarrett
94.2%
In Your House 9: International Incident
Psycho Sid
94.2%
SummerSlam 1996
Pyscho Sid
94.2%
Wrestlemania XI
The British Bulldog
93.8%
Wrestlemania XI
Billy Gunn
93.8%
Wrestlemania XI
Bart Gunn
93.8%
In Your House 1
Mabel
93.8%
In Your House 1
Billy Gunn
93.8%
In Your House 1
Bart Gunn
93.8%
King of the Ring
Mabel
93.8%
King of the Ring
Mabel
93.8%
In Your House 2: The Lumberjacks
King Mabel
93.8%
In Your House 2: The Lumberjacks
The British Bulldog
93.8%
SummerSlam
Hunter Hearst Helmsley
93.8%
SummerSlam
Billy Gunn
93.8%
SummerSlam
Bart Gunn
93.8%
SummerSlam
King Mabel
93.8%
In Your House 3
Hunter Hearst Helmsley
93.8%
In Your House 4
Hunter Hearst Helmsley
93.8%
In Your House 4
Billy Gunn
93.8%
In Your House 4
Bart Gunn
93.8%
In Your House 4
King Mabel
93.8%
Survivor Series
King Mabel
93.8%
Survivor Series
Hunter Hearst Helmsley
93.8%
In Your House 5: Season's Beatings
Hunter Hearst Helmsley
93.8%
In Your House 5: Season's Beatings
King Mabel
93.8%
Royal Rumble 1996
Billy Gunn
93.8%
Royal Rumble 1996
Bart Gunn
93.8%
In Your House 6
Hunter Hearst Helmsley
93.8%
Wrestlemania XII
Hunter Hearst Helmsley
93.8%
In Your House 8: Beware of Dog
Hunter Hearst Helmsley
93.8%
King of the Ring 1996
Billy Gunn
93.8%
King of the Ring 1996
Bart Gunn
93.8%
In Your House 9: International Incident
Billy Gunn
93.8%
In Your House 9: International Incident
Bart Gunn
93.8%
SummerSlam 1996
Billy Gunn
93.8%
SummerSlam 1996
Bart Gunn
93.8%
In Your House 3
The British Bulldog
93.3%
In Your House 3
The British Bulldog
93.3%
In Your House 4
The British Bulldog
93.3%
Survivor Series
The British Bulldog
93.3%
In Your House 5: Season's Beatings
The British Bulldog
93.3%
In Your House 6
The British Bulldog
93.3%
Wrestlemania XII
The British Bulldog
93.3%
In Your House 7: Good Friends, Better Enemies
The British Bulldog
93.3%
In Your House 8: Beware of Dog
The British Bulldog
93.3%
King of the Ring 1996
The British Bulldog
93.3%
In Your House 9: International Incident
The British Bulldog
93.3%
SummerSlam 1996
The British Bulldog
93.3%
In Your House 1
Jerry Lawler
92.9%
King of the Ring
Jerry Lawler
92.9%
In Your House 4
Goldust
92.9%
Survivor Series
Goldust
92.9%
Survivor Series
Jerry Lawler
92.9%
Royal Rumble 1996
Goldust
92.9%
Wrestlemania XII
Goldust
92.9%
In Your House 7: Good Friends, Better Enemies
Goldust
92.9%
In Your House 8: Beware of Dog
Goldust
92.9%
King of the Ring 1996
Jerry Lawler
92.9%
King of the Ring 1996
Goldust
92.9%
In Your House 9: International Incident
Goldust
92.9%
SummerSlam 1996
Goldust
92.9%
SummerSlam 1996
Jerry Lawler
92.9%
Royal Rumble
Bam Bam Bigelow
92.5%
Wrestlemania XI
Bam Bam Bigelow
92.5%
King of the Ring
Bam Bam Bigelow
92.5%
In Your House 2: The Lumberjacks
Bam Bam Bigelow
92.5%
In Your House 3
Bam Bam Bigelow
92.5%
Survivor Series
Bam Bam Bigelow
92.5%
King of the Ring 1996
Steve Austin
92.1%
King of the Ring 1996
Steve Austin
92.1%
In Your House 9: International Incident
Steve Austin
92.1%
Wrestlemania XI
Lex Luger
91.7%
In Your House 2: The Lumberjacks
Lex Luger
91.7%
Royal Rumble
Bob Holly
91.3%
King of the Ring
Savio Vega
91.3%
King of the Ring
Bob Holly
91.3%
King of the Ring
Savio Vega
91.3%
King of the Ring
Savio Vega
91.3%
In Your House 2: The Lumberjacks
Savio Vega
91.3%
SummerSlam
Bob Holly
91.3%
In Your House 3
Savio Vega
91.3%
Survivor Series
Bob Holly
91.3%
Survivor Series
Savio Vega
91.3%
Wrestlemania XII
The Ringmaster
91.3%
Wrestlemania XII
Savio Vega
91.3%
In Your House 8: Beware of Dog
Savio Vega
91.3%
In Your House 8: Beware of Dog
Steve Austin
91.3%
SummerSlam 1996
Savio Vega
91.3%
In Your House 2: The Lumberjacks
Sir Mo
90.4%
Wrestlemania XII
Vader
90%
In Your House 7: Good Friends, Better Enemies
Vader
90%
In Your House 8: Beware of Dog
Vader
90%
King of the Ring 1996
Vader
90%
In Your House 9: International Incident
Vader
90%
PPV
Wrestler
% Correct
SummerSlam 1996
Vader
90%
In Your House 2: The Lumberjacks
Henry Godwinn
89.6%
In Your House 3
Henry Godwinn
89.6%
Survivor Series
Henry Godwinn
89.6%
Survivor Series
Ahmed Johnson
89.6%
In Your House 5: Season's Beatings
Ahmed Johnson
89.6%
In Your House 5: Season's Beatings
Henry Godwinn
89.6%
Royal Rumble 1996
Ahmed Johnson
89.6%
Wrestlemania XII
Ahmed Johnson
89.6%
In Your House 7: Good Friends, Better Enemies
Ahmed Johnson
89.6%
In Your House 7: Good Friends, Better Enemies
Henry Godwinn
89.6%
King of the Ring 1996
Henry Godwinn
89.6%
King of the Ring 1996
Ahmed Johnson
89.6%
In Your House 9: International Incident
Henry Godwinn
89.6%
In Your House 9: International Incident
Ahmed Johnson
89.6%
SummerSlam 1996
Henry Godwinn
89.6%
In Your House 7: Good Friends, Better Enemies
Phineas Godwinn
89.2%
King of the Ring 1996
Phineas Godwinn
89.2%
SummerSlam 1996
Phineas Godwinn
89.2%
Wrestlemania XII
Jake Roberts
88.3%
In Your House 7: Good Friends, Better Enemies
Jake Roberts
88.3%
In Your House 8: Beware of Dog
Jake Roberts
88.3%
King of the Ring 1996
Jake Roberts
88.3%
King of the Ring 1996
Jake Roberts
88.3%
SummerSlam 1996
Jake Roberts
88.3%
Royal Rumble
Tatanka
87.9%
Wrestlemania XI
Lawrence Taylor
87.9%
King of the Ring
Tatanka
87.9%
SummerSlam
Skip
87.9%
Survivor Series
Skip
87.9%
Royal Rumble 1996
Skip
87.9%
In Your House 7: Good Friends, Better Enemies
Skip
87.9%
In Your House 9: International Incident
Skip
87.9%
SummerSlam 1996
Skip
87.9%
Royal Rumble 1996
Zip
87.5%
In Your House 7: Good Friends, Better Enemies
Zip
87.5%
In Your House 9: International Incident
Zip
87.5%
SummerSlam 1996
Zip
87.5%
Wrestlemania XI
Bob Backlund
87.1%
In Your House 4
Marty Jannetty
86.7%
Survivor Series
Marty Jannetty
86.7%
In Your House 5: Season's Beatings
Marty Jannetty
86.7%
SummerSlam 1996
Marty Jannetty
86.7%
King of the Ring 1996
Mankind
86.3%
In Your House 9: International Incident
Mankind
86.3%
SummerSlam 1996
Mankind
86.3%
Royal Rumble
IRS
85.8%
King of the Ring
Kama
85.4%
SummerSlam
Alundra Blayze
85.4%
SummerSlam
Kama
85.4%
Survivor Series
Alundra Blayze
85.4%
In Your House 8: Beware of Dog
Marc Mero
84.6%
King of the Ring 1996
Marc Mero
84.6%
In Your House 9: International Incident
Marc Mero
84.6%
SummerSlam 1996
Marc Mero
84.6%
Wrestlemania XI
Jacob Blu
82.9%
Wrestlemania XI
Eli Blu
82.9%
In Your House 1
The Roadie
82.9%
King of the Ring
The Roadie
82.9%
King of the Ring
The Roadie
82.9%
In Your House 2: The Lumberjacks
The Roadie
82.9%
SummerSlam
Jacob Blu
82.9%
SummerSlam
Eli Blu
82.9%
Wrestlemania XI
King Kong Bundy
81.3%
Wrestlemania XII
Roddy Piper
80.8%
In Your House 1
Hakushi
80.4%
SummerSlam
Hakushi
80.4%
SummerSlam
Isaac Yankem DDS
80.4%
Survivor Series
Hakushi
80.4%
Survivor Series
Isaac Yankem DDS
80.4%
In Your House 3
Dean Douglas
80%
In Your House 4
Dean Douglas
80%
In Your House 4
Dean Douglas
80%
Survivor Series
Dean Douglas
80%
Wrestlemania XII
The Ultimate Warrior
79.6%
In Your House 7: Good Friends, Better Enemies
The Ultimate Warrior
79.6%
King of the Ring 1996
The Ultimate Warrior
79.6%
SummerSlam
Bertha Faye
77.1%
Survivor Series
Bertha Faye
77.1%
SummerSlam
Barry Horowitz
73.8%
Survivor Series
Barry Horowitz
73.8%
SummerSlam 1996
Leif Cassidy
72.5%
In Your House 3
Fatu
69.6%
In Your House 4
Fatu
69.6%
Survivor Series
Fatu
69.6%
In Your House 1
Adam Bomb
60%
Survivor Series
Rad Radford
58.3%
In Your House 3
Jean-Pierre Lafitte
55%
Survivor Series
Aja Kong
53.8%
In Your House 6
Duke Droese
53.8%
Survivor Series
Tom Prichard
50%
In Your House 8: Beware of Dog
Justin Bradshaw
50%
In Your House 5: Season's Beatings
Buddy Landel
42.5%
In Your House 3
Waylon Mercy
38.8%
Survivor Series
Lioness Asuka
30.8%
Survivor Series
Chaparita Asari
27.5%
Survivor Series
Tomoko Watanabe
26.7%
Survivor Series
Sakie Hasegawa
21.3%
Survivor Series
Kyoko Innoue
11.7%
Quiz Playlist
Details
Report
Send in Message
Add To Playlist
Classic:
Type in answers that appear in a list
Last Updated: Jun 21, 2017
Quiz Scoreboard
CHALLENGE
Sign Up to Join the Scoreboard
Show All
Scores
Hide
Comments
May contain spoilers
Recently Published
1-10 Letter E Words III
by El_Dandy
Language
2m
Street Fighter Characters
by Artimus82
Gaming
60s
College Basketball Coaching Resumes
by pancakes188
Sports
9m
More to Explore
Quiz From the Vault
Featured Blog Post
Where Did the Easter Bunny Come From?
hide this ad
You Might Also Like...
Tags
WWE Quiz
1995
1996
Matching
Pay-per-view
PPV
Wrestlers
Today's Top Quizzes in Sports
Browse Sports
hide this ad
Today's Top Quizzes in WWE
Browse WWE
Top Contributed Quizzes in Sports
1
2022 World Cup Stars
2
Les meilleurs buteurs des matchs entre le PSG et l’OM
3
FIFA Club World Cup Champions
4
Les entraîneurs de l'OM et du PSG au 21e siècle
5
Criteria MLB: Left Handed Sluggers
6
2023 MLB Unique Player Accomplishments
7
AFC Teams Reveal (Wrong Answers Minefield)
8
Players with Multiple 50 Home Run Seasons
9
5-to-1: FBS Animal Nicknames
10
5-to-1: UK Sports Teams
Explore More
Trending Topics
Anime
Harry Potter
Crossword
Marvel
Disney
Kpop
NBA
WWE
NFL
Pokémon
Soccer
Puzzle
The Office
Song
Country
hide this ad
More By:
wrestlefan3589
Quiz
Plays
Rating
Category
Featured
Created
Can you name the WWE Pay-Per-View Matches in 2010
3,738
4.33
Sports
Oct 13, 2011
PWI Awards History pt1
724
3.75
Sports
Jun 25, 2011
Summer Slam Matches 88-95
579
3.67
Sports
May 1, 2011
Can you name the WWE Pay-Per-View matches in 1990-1991
561
4.86
Sports
Oct 18, 2011
G4 TV's 100 Greatest Video Games of All Time
507
1.05
Gaming
Jun 17, 2012
Go to Creator's Profile
Score Distribution
Quiz Creator Spotlight
wrestlefan3589
Follow
Send a Message
Quizzes Created
-
Created Quiz Play Count
-
More By This Creator
Popular Quizzes Today
1
Find the US States - No Outlines Minefield
2
Find the Countries of Europe - No Outlines Minefield
3
The Countries of the World
4
Find the US States
5
Risky Map Clicking: Biggest States A-Z
6
US States
7
Popular People in 1961
8
Movies - When Are They Set?
More Sports Quizzes
NHL Top 5 Per Team (2014-15)
Published
Trending Quizzes
Risky Map Clicking: Least Populous States A-Z
Billboard Blitz: Aretha Franklin
Famous Russians: Author or Composer?
1-10 Letter G Words
Countries of the World: 200 Million BC
Recently Updated
Leaping Animals
pecheneg
Reality TV Shows (A-Z)
bhenderson79
Rickey Henderson's Hall of Fame Teammates
pecheneg
Champions League XIs: Arsenal
pecheneg
Quick Pick: Celebrities in WWE's Hall of Fame
aduchscher
A-Z Keypad Blitz II
pecheneg
Multiple Oscar Actors
pecheneg
Mystery Phrase Blitz: Oscar 'Best Actors'
pecheneg
F. Scott Fitzgerald Novels
LTH
Pick 3 Villains
ddd62291
Trending Topics
Disney
Anime
Crossword
Harry Potter
Marvel
Kpop
NBA
Soccer
Song
Puzzle
The Office
NFL
Country
Pokémon
WWE
Your Account Isn't Verified!
In order to create a playlist on Sporcle, you need to verify the email address you used during registration. Go to your
Sporcle Settings
to finish the process.
Report this User
Report this user for behavior that violates our
Community Guidelines
.
Details:
Send Report
Go to the Sporcle.com Mobile Site →
Comments